000 00584nam a2200193 i 4500
001 47989
003 ES-MaACL
005 20250822063118.0
007 t|
008 981124s1863 fr ||||1| fre d
080 _a929 Renan, Ernest
100 0 _aCrelier, Henry-Joseph,
_cAbbé
_941480
245 1 0 _aM. E. Renan guerroyant contre le surnaturel /
_cpar l'Abbé H. J. Crelier.
260 _aParis :
_bJ.B. Pélagaud et Cie.,
_c1863.
300 _a60 p. ;
_c23 cm.
600 1 4 _aRenan, Ernest,
_d1823-1892
_996168
852 4 _aES-MaACL
_jT-80-F-8
999 _c47989
_d47989